000
00347pam a2200157a 44500
008
230515b2002 xxu||||| |||| 00| 0 eng d
020
_a
NULL
041
_a
ENGLISH
082
_a
0
100
_a
RAMAMRUTHAM
245
_a
STRENGTH OF MATERIALS
250
_a
0
260
_a
_b
DHANPAT RAI PUBLICATION
_c
2002
300
_a
964P
650
_a
NULL
999
_c
593690
_d
593690